000 00401nam a22001457a 4500
003 OSt
005 20210916142747.0
008 210916b |||||||| |||| 00| 0 eng d
020 _a0-415-16853-8
040 _aDDC
_cHU
082 _22ND
_a363.348
_b1
100 _aHODGKINSON PETER E.
_94336
245 _aCOPING WITH CATASTROPHE A HANDBOOK PF POST-DISASTER PSYCHOSOCIAL AFFERCARE
942 _2ddc
_cBOOKS
_n0
999 _c4419
_d4419